| 000 | 00485ntaaa2200193 4500 | ||
|---|---|---|---|
| 003 | 01 | ||
| 005 | 20251027201930.0 | ||
| 008 | 0714s1973 ag 01 | ||
| 040 |
_aAR-BaBN _bspa _cAR-BaBN _eaacr _dRIC |
||
| 082 | _a244.4160 Sm5n | ||
| 100 |
_aSmith, Everett _917881 |
||
| 245 | _aNacimiento de Jesucristo | ||
| 250 |
_a1 ed. : _bCasa Unida de Publicaciones, _cc1949 |
||
| 300 | _afolleto | ||
| 500 | _adrama de Navidad | ||
| 650 | _aNavidad | ||
| 650 | _aDramatización | ||
| 942 | _cBK | ||
| 999 |
_c14031 _d14031 |
||